Bài tập dao động kỹ thuật
Cuốn sách " Bài tập dao động kỹ thuật" Trình bày các vấn đề về dao động tuyến tính của hệ một bậc tự do. Dao động tuyến tính của hệ hữu hạn bậc tự do. Dao động tuyến tính của hệ vô hạn bậc tự do. Tính toán dao động bằng...
Zapisane w:
| Format: | Książka |
|---|---|
| Język: | Undetermined |
| Wydane: |
Hà Nội
Khoa học và Kỹ thuật
2006
|
| Hasła przedmiotowe: | |
| Etykiety: |
Dodaj etykietę
Nie ma etykietki, Dołącz pierwszą etykiete!
|
| Thư viện lưu trữ: | Trung tâm Học liệu Trường Đại học Cần Thơ |
|---|
| LEADER | 00992nam a2200193Ia 4500 | ||
|---|---|---|---|
| 001 | CTU_148677 | ||
| 008 | 210402s9999 xx 000 0 und d | ||
| 020 | |c 34000 | ||
| 082 | |a 620.3076 | ||
| 082 | |b B103/2008 | ||
| 245 | 0 | |a Bài tập dao động kỹ thuật | |
| 245 | 0 | |c Nguyễn Văn Khang ... [ et...al. ] | |
| 260 | |a Hà Nội | ||
| 260 | |b Khoa học và Kỹ thuật | ||
| 260 | |c 2006 | ||
| 520 | |a Cuốn sách " Bài tập dao động kỹ thuật" Trình bày các vấn đề về dao động tuyến tính của hệ một bậc tự do. Dao động tuyến tính của hệ hữu hạn bậc tự do. Dao động tuyến tính của hệ vô hạn bậc tự do. Tính toán dao động bằng các hệ chương trình MAPLE, MATLAB và MATHCAD. | ||
| 650 | |a Oscillations,Dao động kỹ thuật | ||
| 904 | |i QHieu | ||
| 980 | |a Trung tâm Học liệu Trường Đại học Cần Thơ | ||